Wähle die richtigen Flaggen. - Statistiken

Allgemein
  • Dieses Quiz wurde 411 mal gespielt
  • Das Durchschnittsergebnis liegt bei 40 aus 45
Antwortstatistiken
Frage Kachel Select % Korrekt
Europäischen Flaggen Nein
100%
Europäischen Flaggen Nein
100%
Europäischen Flaggen Ja
100%
Europäischen Flaggen Ja
99%
Europäischen Flaggen Nein
99%
Europäischen Flaggen Ja
99%
Europäischen Flaggen Ja
97%
Europäischen Flaggen Ja
96%
Europäischen Flaggen Nein
96%
Europäischen Flaggen Nein
96%
Europäischen Flaggen Nein
96%
Afrikanischen Flaggen Nein
95%
Europäischen Flaggen Ja
95%
Europäischen Flaggen Ja
95%
Asiatischen Flaggen Nein
95%
Afrikanischen Flaggen Nein
94%
Afrikanischen Flaggen Nein
94%
Amerikanischen Flaggen Nein
94%
Asiatischen Flaggen Nein
94%
Europäischen Flaggen Nein
93%
Europäischen Flaggen Ja
93%
Afrikanischen Flaggen Ja
93%
Amerikanischen Flaggen Ja
93%
Asiatischen Flaggen Nein
93%
Asiatischen Flaggen Ja
93%
Afrikanischen Flaggen Nein
92%
Amerikanischen Flaggen Ja
92%
Amerikanischen Flaggen Nein
92%
Europäischen Flaggen Ja
91%
Europäischen Flaggen Ja
90%
Asiatischen Flaggen Nein
89%
Afrikanischen Flaggen Ja
88%
Europäischen Flaggen Ja
87%
Afrikanischen Flaggen Ja
87%
Amerikanischen Flaggen Nein
87%
Amerikanischen Flaggen Ja
84%
Asiatischen Flaggen Nein
80%
Amerikanischen Flaggen Ja
78%
Amerikanischen Flaggen Nein
74%
Asiatischen Flaggen Nein
74%
Asiatischen Flaggen Ja
72%
Afrikanischen Flaggen Ja
68%
Amerikanischen Flaggen Ja
64%
Asiatischen Flaggen Ja
64%
Afrikanischen Flaggen Nein
48%
Keine übereinstimmenden Quizze gefunden
Verteilung der Resultate
Anzahl Personen mit jedem Resultat
Perzentil nach korrekt beantworteten Fragen
Ihre Resultats-Entwicklung
Sie haben dieses Quiz noch nicht gespielt